Giúp tự học Windows 95
Sách cung cấp các hướng dẫn giúp người đọc có thể sử dụng thành thạo Windows 1995 và sử dụng Internet
Đã lưu trong:
| 主要作者: | |
|---|---|
| 格式: | 图书 |
| 语言: | Undetermined |
| 出版: |
Đồng Nai
Tổng hợp Đồng Nai
1998
|
| 主题: | |
| 标签: |
添加标签
没有标签, 成为第一个标记此记录!
|
| Thư viện lưu trữ: | Trung tâm Học liệu Trường Đại học Cần Thơ |
|---|
| LEADER | 00743nam a2200205Ia 4500 | ||
|---|---|---|---|
| 001 | CTU_148491 | ||
| 008 | 210402s9999 xx 000 0 und d | ||
| 020 | |c 38000 | ||
| 082 | |a 005.43769 | ||
| 082 | |b V305 | ||
| 100 | |a Võ, Văn Viện | ||
| 245 | 0 | |a Giúp tự học Windows 95 | |
| 245 | 0 | |c Võ Văn Viện | |
| 260 | |a Đồng Nai | ||
| 260 | |b Tổng hợp Đồng Nai | ||
| 260 | |c 1998 | ||
| 520 | |a Sách cung cấp các hướng dẫn giúp người đọc có thể sử dụng thành thạo Windows 1995 và sử dụng Internet | ||
| 650 | |a Operating systems ( computers ),Windows ( computer programs ) | ||
| 904 | |i QHieu | ||
| 980 | |a Trung tâm Học liệu Trường Đại học Cần Thơ | ||